Quizzes
Events
Quiz Creation
Community
Videos
Private Events
Remove Ads
Sign In
Join for FREE
Feedback
Dark Mode
Quiz Categories
Sports
Geography
Music
Movies
Television
Just For Fun
Miscellaneous
History
Literature
Language
Science
Gaming
Entertainment
Religion
Holiday
For Kids
Quiz Lab
Recent
Popular Today
Quiz Kudos Today
Editor Picks
Curator Picks
Quizzes by...
Day
Popularity
Type
Ratings
Length
Year
Community
Subscriptions
Recent Discussions
Orange Saloon
Badges
Playlists
Quests
Create
Leaderboards
Showdown
Live 5
Trivia Bingo
Activity
Puzzle Library
Sporcle Events
Private Events
Virtual Trivia
Globe League
Become a Host
Pub Owners
SporcleCon
Opinionation
Our Games
Videos
Blog
Mobile Apps
Partnerships
Remove Ads and Go Orange
Feedback
Music
Pop Music
The Beatles
Song
Album
Lyrics
Bands
Singers
Artist
Clip
Rock
Rap
Classical
Billboard
Country Music
Kpop
Taylor Swift
Music
Pop Music
The Beatles
Song
Album
Lyrics
Bands
Singers
Artist
Clip
Rock
Rap
Classical
Billboard
Country Music
Kpop
Taylor Swift
Random Quiz
Search Sporcle
×
Quiz Lab
Quiz Lab
Music
direction
Type in answers that appear in a list
Type in answers that appear in a list
Classic
Best Score? Go Orange.
One Direction - One Thing Lyrics Stats
Can you name the lyrics to One Direction's 'One Thing'?
By
MTaytay14
9m
178 Questions
2,707 Plays
2,707 Plays
2,707 Plays
Comments
Comments
Give Quiz Kudos
Give Quiz Kudos
-
- Ratings
hide this ad
Replay
Link that replays current quiz
Next Quiz
Link to next quiz in quiz playlist
You Got
0%
They Got
Avg Score
91%
Avg Friend Score
Upgrade to see
Score Distribution
Jump to the score distribution portion of the page
Score
0/178
Timer
09:00
0
Plays Today
Answer
% Correct
I
98.6%
I
98.6%
I
98.6%
I
98.6%
I
98.6%
I
98.6%
you
97.9%
you
97.9%
You
97.9%
you
97.9%
you
97.9%
you
97.9%
you
97.9%
my
96.3%
my
96.3%
my
96.3%
my
96.3%
my
96.3%
my
96.3%
my
96.3%
it
96.2%
it
96.2%
out
95.8%
out,
95.8%
out,
95.8%
out
95.8%
out
95.8%
out,
95.8%
out,
95.8%
out
95.8%
but
95.3%
But
95.3%
But
95.3%
of
95.2%
of
95.2%
of
95.2%
of
95.2%
one
94.9%
one
94.9%
one
94.9%
one
94.9%
one
94.9%
thing.
94.8%
thing
94.8%
thing.
94.8%
thing
94.8%
thing
94.8%
I'm
94.8%
I'm
94.8%
I'm
94.8%
I'm
94.8%
I'm
94.8%
got
94.6%
got
94.6%
got
94.6%
got
94.6%
and
94.4%
and
94.4%
And
94.4%
and
94.4%
Answer
% Correct
And
94.4%
And
94.4%
that
94.2%
that
94.2%
that
94.2%
that
94.2%
That
94.2%
that
94.2%
that
94.2%
me
94.1%
me
94.1%
me
94.1%
me
94.1%
get
94%
get
94%
get
94%
Get
94%
get
94%
get
94%
'Cause
93.7%
'Cause
93.7%
'Cause
93.7%
'Cause
93.7%
'Cause
93.7%
So
93.6%
your
92.9%
[CHORUS]
92.8%
[CHORUS]
92.8%
at
92.8%
at
92.8%
head
92.6%
head
92.6%
can't
92.4%
the
92.4%
can't
92.4%
the
92.4%
you've
92.2%
you've
92.2%
you've
92.2%
You've
92.2%
make
92%
make
92%
need
91.7%
know
91.7%
need
91.7%
know
91.7%
need
91.7%
heart
91.5%
when
91.1%
looking
91.1%
don't,
91.1%
don't,
91.1%
don't
91.1%
don't
91.1%
be
91%
to
90.4%
to
90.4%
sky,
90.3%
what
90.3%
into
90.2%
Answer
% Correct
into
90.2%
is.
90.1%
now
89.8%
now.
89.8%
Now
89.8%
now
89.8%
now
89.8%
fall
89.8%
fall
89.8%
I've
89.6%
you're
89.6%
cool
89.4%
instead.
89.3%
instead
89.3%
arms
89.3%
arms
89.3%
tried
88.5%
playing
88.4%
just
88%
just
88%
mind
87.4%
with
87.2%
with
87.2%
frozen
87.1%
here
86.8%
here
86.8%
making
86.7%
keep
86.6%
Shot
86.6%
all
86.6%
All
86.6%
all
86.6%
dying
86.5%
dying
86.5%
ever
85.8%
night
85.1%
day
84.8%
weak,
84.4%
kryptonite.
84.3%
Something's
84.2%
Something's
84.2%
name
83.4%
brave
83%
gotta
82.8%
gotta
82.8%
yeah,
82.7%
breathe.
82.5%
notice
82.2%
see
81.6%
going
81.2%
race.
78.6%
walls
78%
climbing
77.1%
give
76.6%
give
76.6%
Woah-oh-oh-oh-oh
61.1%
Woah-oh-oh-oh-oh
61.1%
Woah-oh-oh-oh-oh
61.1%
Quiz Playlist
Details
Report
Send in Message
Add To Playlist
Classic:
Type in answers that appear in a list
Last Updated: Jul 12, 2018
Quiz Scoreboard
CHALLENGE
Sign Up to Join the Scoreboard
Show All
Scores
Hide
Comments
May contain spoilers
Recently Published
Billboard Blitz: Fleetwood Mac
by CooCooCachoo
Music
15s
Presidents Visiting Landmarks
by Hejman
History
7m
An Introduction to Baseball
by treessimontrees
Sports
5m
More to Explore
Quiz From the Vault
Featured Blog Post
Where Did the Easter Bunny Come From?
hide this ad
You Might Also Like...
Tags
direction
One Direction
Today's Top Quizzes in Music
Browse Music
hide this ad
Today's Top Quizzes in direction
Browse direction
Top Contributed Quizzes in Music
1
Taylor Swift All Songs (2024)
2
Guess the Artist- 70s Songs
3
7-to-1: Billboard Hot 100 #1 Hits of 2010s
4
Sorting Albums and Songs
5
Taylor Swift Logic Puzzle
6
One Thing in Common: Music
7
2010s Album by Cover III
8
KPOP LOGIC QUIZ
9
Guess the Taylor Swift song (Mystery Song)
10
Guess the Artist- 80s Songs
Explore More
Trending Topics
Disney
Anime
Crossword
Marvel
Kpop
NBA
Harry Potter
Soccer
The Office
WWE
Puzzle
NFL
Country
Pokémon
Song
hide this ad
More By:
MTaytay14
Quiz
Plays
Rating
Category
Featured
Created
One Direction Song Quiz (Audio)
25,973
4.76
Music
Jan 3, 2016
One Direction - Story of My Life Lyrics
4,650
5.00
Music
Mar 12, 2016
One Direction - Little Things Lyrics
4,497
5.00
Music
Feb 29, 2016
One Direction Audio Quiz - Harry's Solos
4,286
5.00
Music
Jul 7, 2016
One Direction - History Lyrics
3,854
5.00
Music
Jan 2, 2016
Go to Creator's Profile
Score Distribution
Quiz Creator Spotlight
MTaytay14
Follow
Send a Message
Quizzes Created
-
Created Quiz Play Count
-
More By This Creator
Popular Quizzes Today
1
Find the US States - No Outlines Minefield
2
Find the Countries of Europe - No Outlines Minefield
3
The Countries of the World
4
Find the US States
5
Popular People in 1961
6
US States
7
Risky Map Clicking: Biggest States A-Z
8
Movies - When Are They Set?
More Music Quizzes
1980s Lyric Match VI
Published
Trending Quizzes
Risky Map Clicking: Least Populous States A-Z
1-10 Letter G Words
1-10 Letter F Words
Risky Map Clicking: Next State Alphabetically
Risky Map Clicking: Biggest States A-Z
Recently Updated
Leaping Animals
pecheneg
Reality TV Shows (A-Z)
bhenderson79
Rickey Henderson's Hall of Fame Teammates
pecheneg
Champions League XIs: Arsenal
pecheneg
Quick Pick: Celebrities in WWE's Hall of Fame
aduchscher
A-Z Keypad Blitz II
pecheneg
Multiple Oscar Actors
pecheneg
Mystery Phrase Blitz: Oscar 'Best Actors'
pecheneg
F. Scott Fitzgerald Novels
LTH
Pick 3 Villains
ddd62291
Trending Topics
Anime
Crossword
Kpop
NBA
Harry Potter
Disney
Marvel
Country
Puzzle
The Office
NFL
Song
WWE
Soccer
Pokémon
Your Account Isn't Verified!
In order to create a playlist on Sporcle, you need to verify the email address you used during registration. Go to your
Sporcle Settings
to finish the process.
Report this User
Report this user for behavior that violates our
Community Guidelines
.
Details:
Send Report
Go to the Sporcle.com Mobile Site →
Comments